ბათუმის შოთა რუსთაველის სახელმწიფო უნივერსიტეტის ბიბლიოთეკა

გამართლება (ბიბ.ჩანაწერი № 49804)

000 -LEADER
fixed length control field 00763nam a2200229Ia 4500
001 - CONTROL NUMBER
control field 16739
003 - CONTROL NUMBER IDENTIFIER
control field GE_BSU
008 - FIXED-LENGTH DATA ELEMENTS--GENERAL INFORMATION
fixed length control field 181216s||||||||xx |||||||||||||| ||und||
040 ## - CATALOGING SOURCE
Transcribing agency GE_BSU
080 ## - UNIVERSAL DECIMAL CLASSIFICATION NUMBER
Universal Decimal Classification number 94(479.223)
100 ## - MAIN ENTRY--PERSONAL NAME
Personal name ზოიძე, ვახტანგ
245 ## - TITLE STATEMENT
Title გამართლება
245 ## - TITLE STATEMENT
Remainder of title ნარკვევები აჭარის ისტ. წარსულზე
245 ## - TITLE STATEMENT
Statement of responsibility, etc. რედ. ლ.ბეჟანიძე
260 ## - PUBLICATION, DISTRIBUTION, ETC.
Place of publication, distribution, etc. ბათუმი
260 ## - PUBLICATION, DISTRIBUTION, ETC.
Name of publisher, distributor, etc. აჭარა
260 ## - PUBLICATION, DISTRIBUTION, ETC.
Date of publication, distribution, etc. 1990
300 ## - PHYSICAL DESCRIPTION
Extent 118 გვ. : ილ. ; 19 სმ.
653 ## - INDEX TERM--UNCONTROLLED
Uncontrolled term გამართლება
653 ## - INDEX TERM--UNCONTROLLED
Uncontrolled term ნარკვევები აჭარის ისტ. წარსულზე
942 ## - ADDED ENTRY ELEMENTS (KOHA)
Koha item type წიგნი
ეგზემპლარები
Withdrawn status Lost status Damaged status Not for loan Date acquired Barcode Date last seen Price effective from Koha item type
        2018-12-17 22226 2018-12-17 2018-12-17 წიგნი